LEADER 02573nam 2200589 a 450 001 9910463177003321 005 20200520144314.0 010 $a1-118-75046-2 010 $a1-118-76676-8 035 $a(CKB)2670000000391702 035 $a(EBL)1215816 035 $a(OCoLC)851972189 035 $a(SSID)ssj0000971851 035 $a(PQKBManifestationID)11520794 035 $a(PQKBTitleCode)TC0000971851 035 $a(PQKBWorkID)10941278 035 $a(PQKB)10769258 035 $a(MiAaPQ)EBC1215816 035 $a(CaSebORM)9781118766767 035 $a(Au-PeEL)EBL1215816 035 $a(CaPaEBR)ebr10728341 035 $a(CaONFJC)MIL576336 035 $a(OCoLC)862412115 035 $a(EXLCZ)992670000000391702 100 $a20130307d2013 uy 0 101 0 $aeng 135 $aurunu||||| 181 $ctxt 182 $cc 183 $acr 200 00$aMicrosoft Office 2013 bible$b[electronic resource] /$fLisa A. Bucki ... [et al.] 205 $a4th ed. 210 $aIndianapolis $cWiley$dc2013 215 $a1 online resource (1510 p.) 225 1 $aBible 300 $aIncludes index. 311 $a1-118-48809-1 327 $apt. 1. Common Office features -- pt. 2. Creating documents with Word 2013 -- pt. 3. Making the numbers work with Excel 2013 -- pt. 4. Persuading and informing with PowerPoint 2013 -- pt. 5. Organizing messages, contacts, and time with Outlook -- pt. 6. Designing publications with Publisher -- pt. 7. Managing information with Access and OneNote -- pt. 8. Sharing and collaborating in the cloud and applications. 330 $aThe best of the best from our Excel, Word, Access, and PowerPoint Bibles! Learn the sought-after features of the core applications from the Office 2013 suite. This Office 2013 Bible features the best-of-the-best content from the Excel 2013 Bible, by ""Mr. Spreadsheet"" John Walkenbach; the Word 2013 Bible, by Office expert Lisa A. Bucki; the PowerPoint 2013 Bible, by MOS Master Instructor and PowerPoint expert Faithe Wempen; and the Access 2013 Bible from Microsoft Certified Application Developer Michael Alexander and Office and Access expert Dick Kusleika. This major reso 410 0$aBible 606 $aBusiness$xComputer programs 608 $aElectronic books. 615 0$aBusiness$xComputer programs. 676 $a005.5 701 $aBucki$b Lisa$0857990 801 0$bMiAaPQ 801 1$bMiAaPQ 801 2$bMiAaPQ 906 $aBOOK 912 $a9910463177003321 996 $aMicrosoft Office 2013 bible$92261286 997 $aUNINA